[Event "Marienbad Open-B2 2019"]
[Site "Marianske Lazne"]
[Date "2019.01.21"]
[Round "3"]
[White "Kacharava, Nikolozi"]
[Black "Jurek, Josef"]
[Result "1-0"]
[WhiteElo "2397"]
[BlackElo "2273"]
[Annotator "NA"]
[PlyCount "67"]
[EventDate "2019.01.17"]
[EventType "tourn"]
[EventCountry "CZE"]
[SourceTitle "playchess.com"]
[Source "ChessBase"]
[SourceQuality "1"]
[TimeControl "40/5400+30:1800+30"]

1. e4 {[%emt 0:00:00]} e6 {[%emt 0:00:00]} 2. d4 {[%emt 0:00:00]} d5 {[%emt 0:00:01]} 3. Nd2 {[%emt 0:00:16]} Be7 {[%emt 0:00:56]} 4. Ngf3 {[%emt 0:00:42]} Nf6 {[%emt 0:00:42]} 5. Bd3 {[%emt 0:00:39]} c5 {[%emt 0:00:56]} 6. exd5 {[%emt 0:00:25]} Qxd5 {[%emt 0:02:35]} 7. dxc5 {[%emt 0:00:31]} Nbd7 {[%emt 0:01:56]} 8. b4 {[%emt 0:00:52] C03: French Tarrasch: Unusual Black 3rd moves} a5 {[%emt 0:01:46]} 9. Bc4 {[%emt 0:01:01]} Qh5 {[%emt 0:01:52]} 10. c3 {[%emt 0:00:38]} Nd5 {[%emt 0:02:22] LiveBook: 16 Games} 11. Bxd5 {[%emt 0:01:53]} Qxd5 {[%emt 0:01:41]} 12. Bb2 {[%emt 0:00:39]} (12. a4 b6 13. O-O bxc5 14. b5 Bb7 15. c4 Qf5 {½-½ (44) Naiditsch,A (2716)-Edouard,R (2602) Mulhouse 2011 CBM 142 Extra [Edouard,R]}) 12... axb4 {[%emt 0:05:25]} 13. cxb4 {[%emt 0:00:08]} Rxa2 {[%emt 0:01:07]} 14. Rxa2 {[%emt 0:00:12]} Qxa2 {[%emt 0:00:14]} 15. Qc1 {[%emt 0:00:49]} O-O {[%emt 0:05:38]} 16. O-O $146 {[%emt 0:00:55]} Bf6 {[%emt 0:02:37]} 17. Bxf6 {[%emt 0:06:37]} Nxf6 {[%emt 0:01:03]} 18. Qc4 {[%emt 0:05:17]} Qxc4 {[%emt 0:02:07]} 19. Nxc4 {[%emt 0:01:21]} Bd7 {[%emt 0:03:16]} 20. Nd6 {[%emt 0:07:43]} Bc6 {[%emt 0:18:27]} 21. Ne5 {[%emt 0:06:24]} Bd5 {[%emt 0:12:48]} 22. f3 {[%emt 0:07:27]} Nh5 $2 {[%emt 0:09:46]} (22... Ra8 $16 23. b5 (23. Ndxf7 Kf8 $16) (23. Nexf7 Kf8 $16) 23... Kf8) 23. Ra1 {[%emt 0:04:59]} Nf4 {[%emt 0:05:06]} 24. Nd7 {[%emt 0:05:43]} Rd8 {[%emt 0:00:20]} 25. Nb6 {[%emt 0:01:09]} Rb8 {[%emt 0:03:24]} 26. b5 {[%emt 0:03:14]} g5 {[%emt 0:06:55]} 27. Nd7 {[%emt 0:04:18]} Rd8 {[%emt 0:00:55]} 28. Nf6+ {[%emt 0:00:21]} Kg7 {[%emt 0:00:16]} 29. Nxd5 {[%emt 0:01:05]} exd5 {[%emt 0:00:54]} 30. Nxb7 {[%emt 0:14:02]} Re8 {[%emt 0:00:09]} 31. c6 {[%emt 0:02:12]} Re2 $18 {[%emt 0:01:11]} 32. c7 {[%emt 0:00:38]} Rxg2+ {[%emt 0:00:28]} 33. Kh1 {[%emt 0:02:12]} Rc2 {[%emt 0:00:26]} 34. Nd6 {[%emt 0:00:34]} 1-0

[Event "Marienbad Open-B2 2019"]
[Site "Marianske Lazne"]
[Date "2019.01.21"]
[Round "3"]
[White "Cerveny, Petr"]
[Black "German, Nikita"]
[Result "1/2-1/2"]
[WhiteElo "2318"]
[BlackElo "2162"]
[Annotator "ChessBase"]
[PlyCount "85"]
[EventDate "2019.01.17"]
[EventType "tourn"]
[EventCountry "CZE"]
[SourceTitle "playchess.com"]
[Source "ChessBase"]
[SourceQuality "1"]
[TimeControl "40/5400+30:1800+30"]

1. e4 {[%emt 0:00:00]} e6 {[%emt 0:00:00]} 2. d4 {[%emt 0:00:36]} d5 {[%emt 0:00:29]} 3. Nc3 {[%emt 0:00:31]} Bb4 {[%emt 0:00:23]} 4. e5 {[%emt 0:00:23]} c5 {[%emt 0:00:44]} 5. a3 {[%emt 0:00:09]} Bxc3+ {[%emt 0:00:21]} 6. bxc3 {[%emt 0:00:03]} Ne7 {[%emt 0:00:18]} 7. h4 {[%emt 0:02:11]} Qc7 {[%emt 0:13:03]} 8. Nf3 {[%emt 0:02:56]} b6 {[%emt 0:02:33]} 9. h5 {[%emt 0:01:17]} h6 {[%emt 0:00:45]} 10. Bb5+ {[%emt 0:08:18]} Bd7 {[%emt 0:02:53]} 11. Bd3 {[%emt 0:00:26]} Nbc6 {[%emt 0:10:00]} 12. O-O {[%emt 0:01:18]} Rc8 {[%emt 0:05:38]} 13. Re1 {[%emt 0:00:41]} Na5 {[%emt 0:06:55]} 14. Bf4 {[%emt 0:08:34]} Ba4 {[%emt 0:03:14]} 15. Ra2 {[%emt 0:04:16]} Qc6 {[%emt 0:09:16]} 16. Qb1 {[%emt 0:06:44]} Kd8 {[%emt 0:11:20]} 17. Bg3 {[%emt 0:15:51]} Kc7 {[%emt 0:04:27]} 18. Bh4 {[%emt 0:04:45]} Qd7 {[%emt 0:04:05]} 19. g4 {[%emt 0:11:21]} Nc4 {[%emt 0:08:50]} 20. Rd1 {[%emt 0:06:07]} Na5 {[%emt 0:02:03]} 21. dxc5 {[%emt 0:02:26]} bxc5 {[%emt 0:00:49]} 22. Qc1 {[%emt 0:00:41]} Bc6 {[%emt 0:07:15]} 23. Be2 {[%emt 0:11:43]} Rhg8 {[%emt 0:02:20]} 24. Qe3 {[%emt 0:00:24]} Nb7 {[%emt 0:00:31]} 25. Bg3 {[%emt 0:03:02]} Kb8 {[%emt 0:01:12]} 26. Rb2 {[%emt 0:00:11]} Ka8 {[%emt 0:00:35]} 27. Rdb1 {[%emt 0:00:51]} Rc7 {[%emt 0:02:11]} 28. Kh2 {[%emt 0:00:40]} Nc8 {[%emt 0:00:59]} 29. Qd3 {[%emt 0:03:14]} g6 {[%emt 0:00:41]} 30. Qa6 {[%emt 0:01:02]} Ne7 {[%emt 0:00:32]} 31. hxg6 {[%emt 0:00:57]} Nxg6 {[%emt 0:00:33]} 32. Bb5 {[%emt 0:02:13]} Ne7 {[%emt 0:00:23]} 33. Kh3 {[%emt 0:00:52]} Rh8 {[%emt 0:00:29]} 34. Bh4 {[%emt 0:00:45]} Bxb5 {[%emt 0:00:22]} 35. Rxb5 {[%emt 0:00:09]} Ng6 {[%emt 0:00:33]} 36. Bg3 {[%emt 0:00:40]} Qe7 {[%emt 0:00:41]} 37. Kg2 {[%emt 0:00:32]} Rg8 {[%emt 0:00:26]} 38. Kf1 {[%emt 0:00:25]} Qd7 {[%emt 0:00:19]} 39. Nd2 {[%emt 0:00:50]} Ne7 {[%emt 0:00:47]} 40. Qa4 {[%emt 0:01:19]} c4 41. f3 h5 42. Bf2 Nc6 43. Bg3 1/2-1/2

[Event "Marienbad Open-B2 2019"]
[Site "Marianske Lazne"]
[Date "2019.01.21"]
[Round "3"]
[White "Stigar, Petter"]
[Black "Hesse, Henrik"]
[Result "1/2-1/2"]
[WhiteElo "2177"]
[BlackElo "2166"]
[Annotator "NA"]
[PlyCount "61"]
[EventDate "2019.01.17"]
[EventType "tourn"]
[EventCountry "CZE"]
[SourceTitle "playchess.com"]
[Source "ChessBase"]
[SourceQuality "1"]
[TimeControl "40/5400+30:1800+30"]

1. e4 {[%emt 0:00:00]} e5 {[%emt 0:02:53]} 2. Nf3 {[%emt 0:02:20]} Nf6 {[%emt 0:00:10]} 3. Nxe5 {[%emt 0:00:16]} d6 {[%emt 0:00:18]} 4. Nf3 {[%emt 0:00:07]} Nxe4 {[%emt 0:00:07]} 5. Nc3 {[%emt 0:00:17]} Nxc3 {[%emt 0:00:13]} 6. dxc3 {[%emt 0:00:16]} Be7 {[%emt 0:00:11]} 7. Be3 {[%emt 0:00:13]} Nd7 {[%emt 0:00:39]} 8. Qd2 {[%emt 0:00:33] C42: Petroff Defence: 3 Nxe5 and unusual White 3rd moves} O-O {[%emt 0:00:52]} 9. O-O-O {[%emt 0:00:12]} b6 {[%emt 0:04:04]} (9... Nf6 10. Bd3 c5 11. Rhe1 Be6 12. Kb1 Qa5 13. c4 Qxd2 14. Bxd2 h6 15. Nh4 Rfe8 {½-½ (55) Carlsen,M (2835)-Caruana,F (2832) London 2018}) 10. h4 {[%emt 0:02:17]} Bb7 {[%emt 0:00:52]} 11. Bd3 {[%emt 0:00:27]} Nc5 {[%emt 0:06:08]} 12. Ng5 $146 {[%emt 0:01:38]} ({Predecessor:} 12. Nd4 Bf6 13. Rh3 Bxg2 14. Rg3 Ne4 15. Bxe4 Bxe4 {½-½ (57) Colpe,M (2382)-Hesse,H (2057) Lueneburg 2018}) 12... h6 {[%emt 0:11:15]} 13. Bh7+ {[%emt 0:00:23]} Kh8 {[%emt 0:00:45]} 14. Bf5 {[%emt 0:00:20]} Qe8 {[%emt 0:21:58]} 15. Bd4 {[%emt 0:13:55]} f6 {[%emt 0:13:03]} ({Not} 15... hxg5 $2 16. hxg5+ Kg8 17. Rh7 $18) ({And not} 15... Bxg2 {[#]} 16. Nxf7+ $1 {[%mdl 512]} Kg8 17. Qxh6 $1 {[%mdl 512]} Bg5+ 18. hxg5 Qe5 19. Bxe5 Kxf7 20. Qxg7+ Ke8 21. Qg6+ Ke7 22. Bf6+ Rxf6 23. gxf6+ Kf8 24. Rh8#) 16. Nh3 {[%emt 0:15:15]} Be4 {[%emt 0:06:01]} 17. Bxe4 {[%emt 0:21:39]} Nxe4 {[%emt 0:00:17]} 18. Qe3 {[%emt 0:05:13]} d5 {[%emt 0:02:20]} 19. c4 {[%emt 0:07:52]} c6 {[%emt 0:11:22]} 20. cxd5 {[%emt 0:01:00]} cxd5 {[%emt 0:00:14]} 21. Nf4 {[%emt 0:00:34]} Bd6 {[%emt 0:05:49]} 22. Nxd5 {[%emt 0:03:35]} Qe6 {[%emt 0:00:12]} 23. Nc3 {[%emt 0:04:30]} Rae8 {[%emt 0:05:34]} 24. Qxe4 {[%emt 0:12:06]} Qxe4 {[%emt 0:00:20]} 25. Nxe4 {[%emt 0:00:06]} Rxe4 {[%emt 0:00:05]} 26. Be3 {[%emt 0:00:34]} Bf4 {[%emt 0:01:47]} 27. Bxf4 {[%emt 0:01:01]} Rxf4 {[%emt 0:00:01]} 28. Rd2 {[%emt 0:00:45]} Re8 {[%emt 0:01:16]} 29. g3 $16 {[%emt 0:01:21]} Rfe4 {[%emt 0:00:11]} 30. c3 {[%emt 0:01:42]} f5 {[%emt 0:01:38]} 31. Kc2 {[%emt 0:01:52]} 1/2-1/2

[Event "Marienbad Open-B2 2019"]
[Site "Marianske Lazne"]
[Date "2019.01.21"]
[Round "3"]
[White "Ng, Jen Sheng"]
[Black "Plischki, Sebastian"]
[Result "1/2-1/2"]
[WhiteElo "2075"]
[BlackElo "2426"]
[Annotator "ChessBase"]
[PlyCount "49"]
[EventDate "2019.01.17"]
[EventType "tourn"]
[EventCountry "CZE"]
[SourceTitle "playchess.com"]
[Source "ChessBase"]
[SourceQuality "1"]
[TimeControl "40/5400+30:1800+30"]

1. e4 {[%emt 0:00:00]} c5 {[%emt 0:00:00]} 2. Nf3 {[%emt 0:00:00]} d6 {[%emt 0:00:00]} 3. d4 {[%emt 0:00:00]} cxd4 {[%emt 0:00:00]} 4. Nxd4 {[%emt 0:00:00]} Nf6 {[%emt 0:00:00]} 5. Nc3 {[%emt 0:00:00]} a6 {[%emt 0:00:05]} 6. Bc4 {[%emt 0:00:00]} e6 {[%emt 0:00:07]} 7. Bb3 {[%emt 0:00:00]} Nbd7 {[%emt 0:00:09]} 8. f4 {[%emt 0:00:01]} Nc5 {[%emt 0:00:07]} 9. Qf3 {[%emt 0:00:03]} b5 {[%emt 0:00:39]} 10. f5 {[%emt 0:00:04]} Bd7 {[%emt 0:00:15]} 11. fxe6 {[%emt 0:01:16]} fxe6 {[%emt 0:00:07]} 12. O-O {[%emt 0:00:02]} Be7 {[%emt 0:06:01]} 13. e5 {[%emt 0:07:43]} dxe5 {[%emt 0:00:06]} 14. Nc6 {[%emt 0:00:02]} Bxc6 {[%emt 0:01:32]} 15. Qxc6+ {[%emt 0:00:05]} Kf7 {[%emt 0:00:23]} 16. Be3 {[%emt 0:04:45]} Qd6 {[%emt 0:18:37]} 17. Qf3 {[%emt 0:03:18]} Nxb3 {[%emt 0:05:49]} 18. axb3 {[%emt 0:00:43]} Rhc8 {[%emt 0:01:36]} 19. Ne4 {[%emt 0:10:03]} Qc6 {[%emt 0:01:02]} 20. Bg5 {[%emt 0:11:38]} Kg8 {[%emt 0:16:11]} 21. Bxf6 {[%emt 0:04:40]} gxf6 {[%emt 0:00:07]} 22. Nxf6+ {[%emt 0:00:18]} Kh8 {[%emt 0:00:33]} 23. Qxc6 {[%emt 0:12:07]} Rxc6 {[%emt 0:00:08]} 24. c3 {[%emt 0:00:11]} b4 {[%emt 0:03:49]} 25. Ne4 {[%emt 0:03:00]} 1/2-1/2

[Event "Marienbad Open-B2 2019"]
[Site "Marianske Lazne"]
[Date "2019.01.22"]
[Round "4"]
[White "Plischki, Sebastian"]
[Black "Kacharava, Nikolozi"]
[Result "1/2-1/2"]
[WhiteElo "2426"]
[BlackElo "2397"]
[Annotator "TA"]
[PlyCount "29"]
[EventDate "2019.01.17"]
[EventType "tourn"]
[EventCountry "CZE"]
[SourceTitle "playchess.com"]
[Source "ChessBase"]
[SourceQuality "1"]

{[%evp 21,29,19,35,0,22,26,37,15,18,15]} 1. d4 d5 2. c4 dxc4 3. e3 e6 4. Bxc4 Nf6 5. Nf3 c5 6. O-O a6 7. b3 Nc6 8. Bb2 cxd4 9. Nxd4 Bd7 10. Nd2 Be7 {D27: Queen's Gambit Accepted: Classical main line: 7 e4!? and 7 a4} 11. N4f3 O-O {LiveBook: 5 Games} 12. Qe2 $146 ({Predecessor:} 12. Qb1 Qa5 13. a3 Rad8 14. b4 Qh5 15. Ne4 Nxe4 16. Qxe4 Qg6 17. Qf4 Bc8 18. e4 {1-0 (60) Tabatabaei,M (2590)-Sasikiran,K (2666) Hamedan 2018}) 12... Qa5 (12... b5 $5 {[%cal Rb5c4]} 13. Bd3 Nb4 $11) 13. a3 Rfd8 14. b4 Qh5 15. Rfd1 1/2-1/2

[Event "Marienbad Open-B2 2019"]
[Site "Marianske Lazne"]
[Date "2019.01.22"]
[Round "4"]
[White "Jurek, Josef"]
[Black "Cerveny, Petr"]
[Result "1-0"]
[WhiteElo "2273"]
[BlackElo "2318"]
[Annotator "NA"]
[PlyCount "79"]
[EventDate "2019.01.17"]
[EventType "tourn"]
[EventCountry "CZE"]
[SourceTitle "playchess.com"]
[Source "ChessBase"]
[SourceQuality "1"]
[TimeControl "40/5400+30:1800+30"]

1. Nf3 {[%emt 0:00:00]} d6 {[%emt 0:00:00]} 2. d4 {[%emt 0:00:01]} Nf6 {[%emt 0:00:00]} 3. c4 {[%emt 0:00:40]} g6 {[%emt 0:00:00]} 4. g3 {[%emt 0:00:35]} Bg7 {[%emt 0:00:03]} 5. Bg2 {[%emt 0:00:16]} O-O {[%emt 0:00:06]} 6. Nc3 {[%emt 0:00:32]} Nc6 {[%emt 0:00:17]} 7. O-O {[%emt 0:00:32]} a6 {[%emt 0:00:10]} 8. d5 {[%emt 0:01:59]} Na5 {[%emt 0:00:09]} 9. Nd2 {[%emt 0:00:19]} c5 {[%emt 0:00:09]} 10. Qc2 {[%emt 0:00:32]} b5 {[%emt 0:01:54]} 11. cxb5 {[%emt 0:00:39] E66: King's Indian: Fianchetto: 6...c5 7 0-0 Nc6 8 d5} axb5 {[%emt 0:00:13]} 12. Nxb5 {[%emt 0:00:17]} Qb6 {[%emt 0:01:02]} 13. Nc3 {[%emt 0:03:55]} Bf5 {[%emt 0:00:05]} 14. e4 {[%emt 0:03:35]} (14. Qd1 Rfb8 15. h3 Qa6 16. b3 c4 17. Bb2 Qc8 18. Kh2 Ra7 {0-1 (49) Ivanchuk,V (2753)-Giri,A (2734) Leon 2013}) 14... Bc8 {[%emt 0:00:07]} 15. h3 {[%emt 0:08:12] LiveBook: 7 Games} Ba6 {[%emt 0:02:04]} 16. Re1 {[%emt 0:12:49]} Nd7 {[%emt 0:01:37]} 17. Nf3 {[%emt 0:05:07]} Rfb8 $146 {[%emt 0:06:26]} ({Predecessor:} 17... Ne5 18. Nxe5 Bxe5 {½-½ (36) Neckar,L (2318)-Ratsma,R (2133) Schwarzach 2016}) 18. Rb1 {[%emt 0:04:01]} Qb4 {[%emt 0:06:59]} 19. Bg5 {[%emt 0:12:51]} Kf8 {[%emt 0:37:27]} 20. e5 {[%emt 0:07:32]} Nxe5 {[%emt 0:05:08]} 21. Nxe5 {[%emt 0:00:39]} dxe5 {[%emt 0:06:36]} 22. d6 {[%emt 0:02:44]} exd6 {[%emt 0:00:24] [#]} 23. Be7+ $1 {[%emt 0:01:20]} Kg8 {[%emt 0:01:00]} 24. Bxd6 {[%emt 0:01:17]} Nc4 {[%emt 0:02:24]} 25. Bxb8 {[%emt 0:03:52]} Rxb8 {[%emt 0:00:13]} 26. a3 {[%emt 0:12:43]} Qb6 {[%emt 0:08:38]} 27. Nd5 {[%emt 0:03:13]} Qd6 {[%emt 0:01:29]} 28. Red1 {[%emt 0:00:54]} Bf8 {[%emt 0:11:54]} 29. Nb4 {[%emt 0:04:54]} cxb4 {[%emt 0:01:15]} 30. Rxd6 {[%emt 0:00:11]} Bxd6 {[%emt 0:00:23]} 31. axb4 {[%emt 0:00:44]} Rxb4 {[%emt 0:01:09]} 32. Bd5 {[%emt 0:02:21]} Bf8 {[%emt 0:00:48]} 33. Bxc4 {[%emt 0:02:08]} Bxc4 {[%emt 0:00:38]} 34. Ra1 {[%emt 0:00:36]} Kg7 {[%emt 0:00:27]} 35. Ra8 {[%emt 0:01:42]} Be6 $2 {[%emt 0:03:38]} (35... Bd5) 36. Rxf8 {[%emt 0:01:15]} Rc4 {[%emt 0:00:11]} 37. Qxc4 $18 {[%emt 0:00:15]} Bxc4 {[%emt 0:00:42]} 38. Re8 {[%emt 0:00:56]} Kf6 {[%emt 0:00:06]} 39. b4 {[%emt 0:00:54]} g5 {[%emt 0:00:25]} 40. f3 {[%emt 0:01:16]} 1-0

[Event "Marienbad Open-B2 2019"]
[Site "Marianske Lazne"]
[Date "2019.01.22"]
[Round "4"]
[White "Lukasiewicz, Krzysztof"]
[Black "Ng, Jen Sheng"]
[Result "1/2-1/2"]
[WhiteElo "2223"]
[BlackElo "2075"]
[Annotator "NA"]
[PlyCount "57"]
[EventDate "2019.01.17"]
[EventType "tourn"]
[EventCountry "CZE"]
[SourceTitle "playchess.com"]
[Source "ChessBase"]
[SourceQuality "1"]
[TimeControl "40/5400+30:1800+30"]

1. d4 {[%emt 0:00:00]} Nf6 {[%emt 0:00:00]} 2. Bf4 {[%emt 0:00:00]} c5 {[%emt 0:00:00]} 3. d5 {[%emt 0:01:00]} b5 {[%emt 0:05:18]} 4. a4 {[%emt 0:04:14]} Bb7 {[%emt 0:06:56] LiveBook: 5 Games} 5. e4 {[%emt 0:02:07]} a6 {[%emt 0:14:31]} 6. axb5 {[%emt 0:07:18]} axb5 {[%emt 0:00:26]} (6... Nxe4 $14 7. Ne2 e6) 7. Rxa8 {[%emt 0:00:48]} Bxa8 {[%emt 0:00:05]} 8. Nc3 {[%emt 0:00:04]} b4 {[%emt 0:02:47]} 9. Nb5 {[%emt 0:02:03]} Na6 {[%emt 0:18:52]} 10. Qa1 {[%emt 0:08:21]} Bb7 {[%emt 0:00:08]} 11. f3 {[%emt 0:03:26]} Qb6 {[%emt 0:21:45]} 12. Nh3 {[%emt 0:12:37]} d6 {[%emt 0:07:14]} 13. Qa4 {[%emt 0:05:29]} Nd7 {[%emt 0:00:05]} 14. Ng5 {[%emt 0:00:35]} g6 {[%emt 0:06:53]} 15. Ne6 {[%emt 0:14:59]} fxe6 {[%emt 0:00:04]} 16. dxe6 {[%emt 0:00:04]} Bc6 {[%emt 0:00:03]} 17. Nxd6+ {[%emt 0:00:22]} exd6 {[%emt 0:00:14]} 18. exd7+ {[%emt 0:00:05]} Kxd7 {[%emt 0:00:12]} 19. Qxa6 {[%emt 0:00:05]} Qxa6 {[%emt 0:00:05]} 20. Bxa6 {[%emt 0:00:04]} Bg7 {[%emt 0:00:05]} 21. b3 {[%emt 0:04:58]} Ra8 {[%emt 0:00:48]} 22. Be2 {[%emt 0:00:06]} Ra1+ {[%emt 0:00:05]} 23. Bd1 {[%emt 0:00:05]} Bb5 {[%emt 0:00:21]} 24. Bd2 {[%emt 0:06:34]} Bd4 {[%emt 0:09:12]} 25. h4 {[%emt 0:01:06]} Ke6 26. h5 {[%emt 0:01:10]} Kf6 {[%emt 0:06:17]} 27. hxg6 {[%emt 0:00:06]} hxg6 {[%emt 0:00:01]} 28. Rh8 $11 {[%emt 0:10:16]} Be5 {[%emt 0:00:40]} 29. Be3 {[%emt 0:08:42]} 1/2-1/2

[Event "Marienbad Open-B2 2019"]
[Site "Marianske Lazne"]
[Date "2019.01.22"]
[Round "4"]
[White "Stigar, Petter"]
[Black "Frolov, Artur"]
[Result "1/2-1/2"]
[WhiteElo "2177"]
[BlackElo "2430"]
[Annotator "TA"]
[PlyCount "49"]
[EventDate "2019.01.17"]
[EventType "tourn"]
[EventCountry "CZE"]
[SourceTitle "playchess.com"]
[Source "ChessBase"]
[SourceQuality "1"]

{[%evp 9,49,35,77,72,79,81,80,54,78,70,85,78,64,85,103,79,113,127,122,104,296,290,268,196,302,302,296,286,261,114,125,116,116,114,123,118,114,61,68,65,77,56]} 1. Nf3 f5 2. g3 b6 3. Bg2 Bb7 4. O-O Nf6 5. c4 (5. b3 e6 6. Bb2 Be7 7. c4 O-O 8. d3 a5 9. Nc3 Na6 10. e4 fxe4 11. Ng5 Nc5 12. Ngxe4 Nfxe4 13. Nxe4 Nxe4 14. dxe4 a4 15. Qd2 Rf7 16. f4 Ra7 17. h4 Qa8 {½-½ (17) Antoniewski,R (2521)-Van Foreest,J (2638) Brest 2018}) 5... c5 6. Nc3 {A04: Unusual lines after 1 Nf3 and King's Indian Attack} g6 7. d3 {[%cal Bd2d3,Bd3e4,Be4e5][%mdl 32]} Bg7 8. Re1 O-O {[#]} 9. e4 $1 fxe4 10. dxe4 Nc6 11. e5 Ng4 {[%cal Bf6g4,Bg4h6,Bh6f5][%mdl 32]} 12. Bf4 $146 ({Predecessor:} 12. Nd5 Nh6 {½-½ (26) Horton,J (2110)-Smith,A (2260) West Bromwich 2006}) 12... Nh6 13. Qd2 Nf5 14. Rad1 d6 $2 {[#]} (14... Na5 $16) 15. exd6 $18 exd6 16. Nb5 {aiming for Ng5.} ({Less strong is} 16. Bxd6 Nxd6 17. Qxd6 Qxd6 $14) 16... h6 (16... Na5 $142 17. Ng5 Bxg2) 17. Nxd6 Nxd6 18. Bxd6 ({Weaker is} 18. Qxd6 Qxd6 19. Rxd6 (19. Bxd6 Rf7 $16) 19... g5 $16) 18... Rf7 19. Ne5 (19. Re6 $18) 19... Nxe5 20. Bxe5 Qxd2 21. Rxd2 Re8 22. Bxb7 Rxb7 23. Rde2 (23. Rd5 $16) 23... Rbe7 $14 {[%cal Re7e5]} 24. f4 Kf7 25. Kf2 {Accuracy: White = 53%, Black = 53%.} 1/2-1/2

[Event "Marienbad Open-B2 2019"]
[Site "Marianske Lazne"]
[Date "2019.01.22"]
[Round "4"]
[White "Hesse, Henrik"]
[Black "German, Nikita"]
[Result "1-0"]
[WhiteElo "2166"]
[BlackElo "2162"]
[Annotator "NA RC"]
[PlyCount "63"]
[EventDate "2019.01.17"]
[EventType "tourn"]
[EventCountry "CZE"]
[SourceTitle "playchess.com"]
[Source "ChessBase"]
[SourceQuality "1"]
[TimeControl "40/5400+30:1800+30"]

1. c4 {[%emt 0:00:00]} Nf6 {[%emt 0:07:37]} 2. g3 {[%emt 0:00:00]} g6 {[%emt 0:00:14]} 3. Bg2 {[%emt 0:00:15]} Bg7 {[%emt 0:00:16]} 4. Nc3 {[%emt 0:00:16]} O-O {[%emt 0:00:28]} 5. e3 {[%emt 0:01:29]} d6 {[%emt 0:05:16]} 6. Nge2 {[%emt 0:02:36]} e5 {[%emt 0:01:11]} 7. O-O {[%emt 0:00:25]} Re8 {[%emt 0:01:23]} 8. d3 {[%emt 0:00:29]} Nbd7 {[%emt 0:00:59]} 9. Rb1 {[%emt 0:01:14]} a5 {[%emt 0:06:46]} 10. a3 {[%emt 0:00:21]} Nb6 {[%emt 0:09:47]} 11. b4 {[%emt 0:05:01]} axb4 {[%emt 0:15:57]} 12. axb4 {[%emt 0:08:07]} c6 {[%emt 0:03:06]} 13. b5 {[%emt 0:05:36]} Qc7 {[%emt 0:17:31]} 14. Qb3 {[%emt 0:07:54]} Nfd7 {[%emt 0:01:33]} 15. bxc6 {[%emt 0:00:42]} bxc6 {[%emt 0:00:20]} 16. Ba3 {[%emt 0:03:37]} Rb8 {[%emt 0:01:34]} 17. Bb4 {[%emt 0:03:38]} Nc5 {[%emt 0:06:16]} 18. Qa3 {[%emt 0:12:21]} Ra8 {[%emt 0:05:31]} 19. Ba5 {[%emt 0:00:32]} Nxc4 {[%emt 0:07:44]} 20. Qxc5 {[%emt 0:06:50]} Nxa5 {[%emt 0:00:24]} 21. Nb5 {[%emt 0:02:38]} Qd7 {[%emt 0:01:11]} 22. Nxd6 {[%emt 0:01:00]} Rd8 {[%emt 0:05:21]} 23. Nxc8 {[%emt 0:07:17]} Rdxc8 {[%emt 0:00:15]} 24. Rfd1 {[%emt 0:00:31]} Nb7 {[%emt 0:00:27]} 25. Qb6 {[%emt 0:00:37]} Rab8 {[%emt 0:00:45]} 26. d4 {[%emt 0:01:36]} Qe8 {[%emt 0:00:26]} 27. Qa7 {[%emt 0:01:42]} Rc7 {[%emt 0:00:39]} 28. d5 {[%emt 0:01:54]} Ra8 {[%emt 0:00:28]} 29. Qb6 {[%emt 0:00:11]} Qc8 {[%emt 0:00:19]} 30. d6 {[%emt 0:02:16]} Rd7 {[%emt 0:00:16]} 31. Bxc6 {[%emt 0:00:13]} Rxd6 {[%emt 0:00:48]} 32. Rxd6 {[%emt 0:00:11]} 1-0

[Event "Marienbad Open-B2 2019"]
[Site "Marianske Lazne"]
[Date "2019.01.22"]
[Round "5"]
[White "Frolov, Artur"]
[Black "Hesse, Henrik"]
[Result "1/2-1/2"]
[WhiteElo "2430"]
[BlackElo "2166"]
[Annotator "NA RC"]
[PlyCount "80"]
[EventDate "2019.01.17"]
[EventType "tourn"]
[EventCountry "CZE"]
[SourceTitle "playchess.com"]
[Source "ChessBase"]
[SourceQuality "1"]
[TimeControl "40/5400+30:1800+30"]

1. e4 {[%emt 0:00:00]} c5 {[%emt 0:00:06]} 2. Nf3 {[%emt 0:00:00]} e6 {[%emt 0:00:13]} 3. d4 {[%emt 0:00:00]} cxd4 {[%emt 0:00:16]} 4. Nxd4 {[%emt 0:00:00]} Nc6 {[%emt 0:00:15]} 5. Nc3 {[%emt 0:00:09]} Qc7 {[%emt 0:00:13]} 6. Be3 {[%emt 0:00:18]} a6 {[%emt 0:00:31]} 7. f3 {[%emt 0:00:24]} Nf6 {[%emt 0:00:28]} 8. Qd2 {[%emt 0:00:26]} Be7 {[%emt 0:01:02]} 9. g4 {[%emt 0:04:20]} b5 {[%emt 0:06:29]} 10. Nxc6 {[%emt 0:00:20]} dxc6 {[%emt 0:00:19]} 11. g5 {[%emt 0:01:41]} Nh5 {[%emt 0:04:45]} 12. Bh3 {[%emt 0:08:40]} e5 {[%emt 0:03:21]} 13. Bxc8 {[%emt 0:00:08]} Rxc8 {[%emt 0:04:47]} 14. O-O-O {[%emt 0:00:20]} O-O {[%emt 0:01:11]} 15. Qd7 {[%emt 0:03:37]} Rfd8 {[%emt 0:03:21]} 16. Qxc7 {[%emt 0:00:06]} Rxc7 {[%emt 0:03:02]} 17. Rxd8+ {[%emt 0:00:06]} Bxd8 {[%emt 0:00:05]} 18. Rd1 {[%emt 0:00:10]} Be7 {[%emt 0:00:10]} 19. Ne2 {[%emt 0:00:09]} Kf8 {[%emt 0:06:36]} 20. c4 {[%emt 0:02:23]} Ke8 {[%emt 0:05:14]} 21. Ng3 {[%emt 0:01:42]} Nxg3 {[%emt 0:05:36]} 22. hxg3 {[%emt 0:00:06]} Rd7 {[%emt 0:00:10]} 23. Rxd7 {[%emt 0:07:45]} Kxd7 {[%emt 0:00:16]} 24. Kc2 {[%emt 0:00:09]} Bb4 {[%emt 0:08:22]} 25. Kd3 {[%emt 0:04:30]} Kd6 {[%emt 0:05:07]} 26. b3 {[%emt 0:14:23]} Bc5 {[%emt 0:03:02]} 27. Bc1 {[%emt 0:01:40]} Bf2 {[%emt 0:03:15]} 28. g4 {[%emt 0:00:21]} b4 {[%emt 0:03:15]} 29. a3 {[%emt 0:04:42]} a5 {[%emt 0:00:23]} 30. a4 {[%emt 0:00:26]} c5 {[%emt 0:01:54]} 31. f4 {[%emt 0:05:28]} g6 {[%emt 0:12:45]} 32. Bb2 {[%emt 0:22:30]} Bd4 {[%emt 0:10:55]} 33. fxe5+ {[%emt 0:01:54]} Bxe5 {[%emt 0:00:35]} 34. Bc1 {[%emt 0:00:29]} Ke6 {[%emt 0:00:33]} 35. Be3 {[%emt 0:00:25]} Kd6 {[%emt 0:03:38]} 36. Ke2 {[%emt 0:01:19]} Kc6 {[%emt 0:00:24]} 37. Kf3 {[%emt 0:00:27]} Kd6 {[%emt 0:00:11]} 38. Bf4 {[%emt 0:01:26]} Ke6 {[%emt 0:00:57]} 39. Ke3 {[%emt 0:01:45]} Kd6 {[%emt 0:02:10]} 40. Kf3 {[%emt 0:00:13]} Ke6 {[%emt 0:00:23]} 1/2-1/2